|
|
|
|
| LEADER |
00000nam a22000007a 4500 |
| 005 |
20120618171952.0 |
| 007 |
cr|||| |||| |
| 008 |
120618s2011 pe |||||s|||| 00||0 spa d |
| 020 |
|
|
|a 978-612-4047-63-3
|
| 035 |
|
|
|a 6489
|
| 040 |
|
|
|a vLex
|
| 090 |
|
|
|c 3192
|d 3192
|
| 100 |
1 |
|
|a Prado Saldarriaga, Vc̕tor Roberto
|
| 245 |
1 |
0 |
|a Cd̤igo penal
|h [Recurso electrn̤ico] :
|b Estudio preliminar, legislacin̤, jurisprudencia e n̕dices /
|c Vc̕tor Roberto Prado Saldarriaga
|
| 256 |
|
|
|a Servicio en ln̕ea
|
| 260 |
|
|
|a Lima :
|b Editorial Palestra,
|c 2011
|
| 300 |
|
|
|a 1 recurso electrn̤ico
|
| 506 |
1 |
|
|a Contenido solo disponible en los productos indicados
|d vLex Global
|d vLex Global (Academic Edition, excluding Law Schools)
|d vLex Global (U.S. Academic Edition, Law Schools)
|d vLex Global (U.S. Academic Edition, excluding Law Schools)
|d vLex Global (Academic Edition, Law Schools)
|
| 650 |
0 |
4 |
|a Derecho penal
|z Per︢
|
| 740 |
0 |
|
|a VLex Libros (Servicio en ln̕ea)
|
| 856 |
4 |
0 |
|u http://vlex.com/source/codigo-penal-estudio-preliminar-legislacion-jurisprudencia-indices-6489
|z Acceso restringido
|
| 942 |
|
|
|c BOOK
|
| 999 |
0 |
|
|a Criminal law
|